फ्रोझन डेथ (Record no. 472027)
[ view plain ]
| 000 -LEADER | |
|---|---|
| fixed length control field | 00515nam a2200157Ia 4500 |
| 008 - FIXED-LENGTH DATA ELEMENTS--GENERAL INFORMATION | |
| fixed length control field | 100204s9999 xx 000 0 und d |
| 082 ## - DEWEY DECIMAL CLASSIFICATION NUMBER | |
| Item number | 26848 |
| 100 ## - MAIN ENTRY--PERSONAL NAME | |
| Personal name | चेस जेम्स हेडले |
| 245 ## - TITLE STATEMENT | |
| Title | फ्रोझन डेथ |
| 260 ## - PUBLICATION, DISTRIBUTION, ETC. (IMPRINT) | |
| Name of publisher, distributor, etc | "नंदादीप प्रकाशन, ठाणे" |
| Date of publication, distribution, etc | 2005 |
| 300 ## - PHYSICAL DESCRIPTION | |
| Extent | 104 |
| 630 ## - SUBJECT ADDED ENTRY--UNIFORM TITLE | |
| Uniform title | फ्रोझन डेथ |
| 700 ## - ADDED ENTRY--PERSONAL NAME | |
| Personal name | हुद्दार मधुकर |
| 730 ## - ADDED ENTRY--UNIFORM TITLE | |
| Uniform title | फ्रोझन डेथ |
| 942 ## - ADDED ENTRY ELEMENTS (KOHA) | |
| Koha item type | Book |
| Withdrawn status | Lost status | Damaged status | Not for loan | Home library | Current library | Date acquired | Cost, normal purchase price | Total Checkouts | Full call number | Barcode | Date last seen | Cost, replacement price | Price effective from | Koha item type |
|---|---|---|---|---|---|---|---|---|---|---|---|---|---|---|
| N. C. Kelkar Sarvajanik Library, Mulund | N. C. Kelkar Sarvajanik Library, Mulund | 02/08/2006 | 165.00 | 26848 | NCKMULUND-26848 | 02/04/2010 | 165.00 | 02/04/2010 | Book |